Statistics for Pre-Gunpowder Weapons Quiz

Click here to take the quiz!

General Stats

  • This quiz has been taken 46 times
  • The average score is 11 of 15

Answer Stats

NumberDescriptionOften shown used byWeapon Name% Correct
6A stick with an added sharpened headLumberjacksAxe
92%
3A pole with a pointed non-wooden endTribesSpear
92%
12Bladed weapon with a handleKnightsSword
89%
15Wood with string that shoots the formerHuntersBow
87%
14Aerodynamic Pointed sticksHuntersArrows
84%
9A weaponized blacksmith toolDwarfsWar Hammer
82%
2Sharpened wooden stickVampire HuntersWooden Stake
82%
10A heavy metal ball used to smash armourKnightsMace
76%
1A pole usually shown as woodenMonksStaff
74%
5Similar to number 3HorsemenLance
71%
4Similar to the former but used for thowingTribesJavelin
68%
13Longer version of the former usually two-handedKnightsLong sword
66%
7A spear with a number 6 attached to itMedieval GuardsHalberd
53%
8A number 6 with a double headDwarfsBattleaxe
47%
11Similar to the former but with spikesKnightsSpiked Mace
11%

Score Distribution

Percentile by Number Answered

Percent of People with Each Score

Your Score History

You have not taken this quiz